| 000 | 00496nam a2200205Ia 4500 | ||
|---|---|---|---|
| 005 | 20260609135446.0 | ||
| 008 | 131103s9999 xx 000 0 und d | ||
| 040 | _aLoreto College | ||
| 041 | _aEnglish | ||
| 082 |
_a843 _bCAM |
||
| 100 | _aCampus, Albert | ||
| 245 |
_aL' Homme revolte _cAlbert Campus |
||
| 260 |
_aU.R.S.S. _bGallimard _c1951 |
||
| 300 | _a367p. | ||
| 440 | _aCollection ides | ||
| 504 | _aIncludes table | ||
| 650 | _aFrench fiction | ||
| 850 | _aLCLIB | ||
| 942 | _cBK | ||
| 999 |
_c23947 _d74426 |
||